| 000 | 00419nam a22001817a 4500 | ||
|---|---|---|---|
| 999 |
_c532245 _d532245 |
||
| 003 | NUST | ||
| 005 | 20191114122619.0 | ||
| 008 | 191114b ||||| |||| 00| 0 eng d | ||
| 020 | _a0789458543 | ||
| 024 | _a978-0789458544 | ||
| 038 | _aMSOHAIL | ||
| 082 | _a0 | ||
| 100 |
_a David S. Murdoch _925626 |
||
| 245 | _aEyewitness: Cowboy | ||
| 260 |
_bNewYork _cDK CHILDREN _aN.D |
||
| 300 | _aP;64 | ||
| 942 |
_2ddc _cBK |
||